000 00387nam a2200157Ia 4500
008 240729s9999 xx 000 0 und d
022 _a1939-8433
245 0 _aRice
260 _aUnited Kingdom
260 _bSpringerOpen
650 _a Plant culture
650 _aAgriculture
856 _uhttps://doaj.org/toc/e8ba0e1d59864d0b85e15662039dd641
942 _2ddc
942 _cDOAJEJ
999 _c74006
_d74006
945 _a1
_bMadushi Gamage
_c1
_dMadushi Gamage